Normal view
MARC view
- عبدالله بن الحسين ملك الاردن، 1921-1951؛ إشراف محمد عدنان البخيت؛ جمع وإعداد هند غسان أبو الشعر؛ المتابعة والتنسيق باسل غازي الجغامين
Entry Personal Name
001 - CONTROL NUMBER
- control field: 55897
003 - CONTROL NUMBER IDENTIFIER
- control field: JO-AjAnu
005 - DATE AND TIME OF LATEST TRANSACTION
- control field: 20230606083150.0
008 - FIXED-LENGTH DATA ELEMENTS
- fixed length control field: 230606|| aca||aabn | a|a d
040 ## - CATALOGING SOURCE
- Original cataloging agency: JO-AjAnu
- Transcribing agency: JO-AjAnu
100 ## - HEADING--PERSONAL NAME
- Personal name: عبدالله بن الحسين ملك الاردن، 1921-1951؛ إشراف محمد عدنان البخيت؛ جمع وإعداد هند غسان أبو الشعر؛ المتابعة والتنسيق باسل غازي الجغامين
670 ## - SOURCE DATA FOUND
- Source citation: Work cat.: (JO-AjAnu)28529: عبدالله بن الحسين ملك الاردن، 1921-1951؛ إشراف محمد عدنان البخيت؛ جمع وإعداد هند غسان أبو الشعر؛ المتابعة والتنسيق باسل غازي الجغامين, author, الوثائق الهاشمية: أوراق عبدالله بن الحسين: العلاقات الأردنية - العربية والإسلامية، مج 19